| 000 | 00425nam a22001457a 4500 | ||
|---|---|---|---|
| 020 | _a9780072355963 | ||
| 040 | _cNUST | ||
| 082 | _a621.395 BRO | ||
| 100 |
_aBrown, Stephen D. _92934 |
||
| 110 |
_aVranesic, Zvonko G. _998772 |
||
| 245 | _aFundamentals of Digital logic with VHDL Design | ||
| 260 |
_a Boston: _bMcGraw-Hill, _c2000. |
||
| 650 |
_aFundamentals of Digital logic with VHDL Design _984020 |
||
| 942 |
_2ddc _cBK |
||
| 999 |
_c594633 _d594633 |
||